00465nam a2200181Ia 4500008004100000010000900041020001000050040000800060041000700068082001500075100002100090245007500111250000800186260004200194300001700236500001300253650001700266141014s9999||||xx |||||||||||||| ||und|| a7202 aSISBN aANE aEs a301.1 P446 aPeristiany, J.G  aEl concepto del honor en la sociedad mediterránea cPeristiany, J.G  aS/E aBarcelona, Españac1968bLabor S. A a242 pc19 cm aÍndice aPsicología